000 01328nam0a2200337 4500
001 RU\NLR\bibl\1705671
005 20250616063204.0
010 _a978-5-98227-750-3
_91000
021 _aRU
_b2010-85296
_95696
035 _a(nilc)RSL-KNO-004823523
035 _a(LIBNET)EL/0000104253
035 _a(NLR Aleph) 001696723
090 _a1194725
_c1194725
100 _a20070130d2010 |||y0rusy50 ca
101 0 _arus
_afre
102 _aRU
105 _ay |||||||||
200 1 _aПредлоги французского языка и их употребление
_eучебное пособие
_e[для изучающих французский язык]
_fсост. О. А. Аксенова
205 _a4-е изд., испр.
210 _aМосква
_cУниверситет
_d2010
215 _a83 с.
_cил.
_d20
606 1 _aФранцузский язык
_jУчебные издания для высших учебных заведений
_xПредлоги
_91957305
_3RU\NLR\auth\66895698
686 _aШ147.11-212.7я73-1
_2rubbk
686 _aШ147.11-93рус3-212.8
702 1 _aАксенова
_bО. А.
_4220
801 0 _aRU
_bАгентство CIP РГБ
_c20070130
_grcr
801 1 _aRU
_bRuMoRGB
_c20070130
801 2 _aRU
_bNLR
_c20101125
_grcr
942 _cBOOK
980 _aNB